Ρωγμές στον καπιταλισμό
Αποθηκεύτηκε σε:
| Κύριος συγγραφέας: | |
|---|---|
| Άλλοι συγγραφείς: | |
| Μορφή: | Βιβλίο |
| Γλώσσα: | Greek English |
| Δημοσίευση: |
Αθήνα :
Σαββάλας εκδόσεις ,
2011.
|
| Σειρά: | Κοινωνικές επιστήμες = Social sciences (Σαββάλας)
|
| Θέματα: | |
| Ετικέτες: |
Προσθήκη ετικέτας
Δεν υπάρχουν, Καταχωρήστε ετικέτα πρώτοι!
|
MARC
| LEADER | 00000nam a2200000 a 4500 | ||
|---|---|---|---|
| 001 | 1/116338 | ||
| 008 | 180427s2011####gr | ||| |||| ||gre|| | ||
| 020 | |a 9789604499922 | ||
| 040 | |a GR-MyUa |b gre |c GR-MyUa |e AACR2 | ||
| 041 | 1 | |a gre |h eng | |
| 082 | 7 | |a 330.122 |2 (23) | |
| 100 | 1 | |a Holloway, John |d 1947- | |
| 245 | 1 | 0 | |a Ρωγμές στον καπιταλισμό / |c John Holloway ; μετάφραση Άννα Χόλογουεη. |
| 260 | |a Αθήνα : |b Σαββάλας εκδόσεις , |c 2011. | ||
| 300 | |a 478 σ. ; |c 21 εκ. | ||
| 490 | 1 | |a (Κοινωνικές Επιστήμες = Social Sciences) | |
| 500 | |a Μετάφραση του: Crack capitalism. | ||
| 504 | |a Περιλαμβάνει βιβλιογραφία και ευρετήριο. | ||
| 650 | 0 | |a Capitalism | |
| 650 | 0 | |a Capitalism |x Social aspects. | |
| 700 | 1 | |a Χόλογουεη, Άννα, |e trlf | |
| 830 | 0 | |a Κοινωνικές επιστήμες = Social sciences (Σαββάλας) | |
| 852 | |a INST |b LESVOS |c EUDOXUS |e 20180427 |h 330.122 HOL |p 005100060194 |q 005100060194 |t EDX |y 4 |x 20200218 | ||
| 852 | |a INST |b LESVOS |c EUDOXUS |e 20180427 |h 330.122 HOL |p 005100060195 |q 005100060195 |t EDX |y 0 | ||
| 852 | |a INST |b LESVOS |c EUDOXUS |e 20180427 |h 330.122 HOL |p 005100060196 |q 005100060196 |t EDX |y 0 | ||
| 920 | |a Εύδοξος |b Παραγγελία |y Λέσβος-ΤΓ |z 2018-04 | ||
| 970 | |a Τζαφέρη |b Ευαγγελία |z 27-04-2018 | ||